Quizzes
Events
Quiz Creation
Community
Videos
Private Events
Remove Ads
Sign In
Join for FREE
Feedback
Dark Mode
Quiz Categories
Sports
Geography
Music
Movies
Television
Just For Fun
Miscellaneous
History
Literature
Language
Science
Gaming
Entertainment
Religion
Holiday
For Kids
Quiz Lab
Recent
Popular Today
Quiz Kudos Today
Editor Picks
Curator Picks
Quizzes by...
Day
Popularity
Type
Ratings
Length
Year
Community
Subscriptions
Recent Discussions
Orange Saloon
Badges
Playlists
Quests
Create
Leaderboards
Showdown
Live 5
Trivia Bingo
Activity
Puzzle Library
Sporcle Events
Private Events
Virtual Trivia
Globe League
Become a Host
Pub Owners
SporcleCon
Opinionation
Our Games
Videos
Blog
Mobile Apps
Partnerships
Remove Ads and Go Orange
Feedback
Sports
Athletes
MLB
NBA
NHL
NFL
Soccer
Sports Teams
WWE
NCAA
Football
Premier League
Basketball
Baseball
Hockey
Golf
Tennis
Cricket
Rugby
Auto Racing
Olympics
World Cup
Sports
Athletes
MLB
NBA
NHL
NFL
Soccer
Sports Teams
WWE
NCAA
Football
Premier League
Basketball
Baseball
Hockey
Golf
Tennis
Cricket
Rugby
Auto Racing
Olympics
World Cup
Random Quiz
Search Sporcle
×
Quiz Lab
Quiz Lab
Sports
WWE
Type in answers that appear in a list
Type in answers that appear in a list
Classic
Best Score? Go Orange.
Edge's WWF/WWE Opponents Part 5 Stats
Can you name the WWF/WWE Opponents of Edge (PPV and non-PPV) Part 5?
By
CosmoBrown
10m
200 Questions
572 Plays
572 Plays
572 Plays
Comments
Comments
Give Quiz Kudos
Give Quiz Kudos
-
- Ratings
hide this ad
Replay
Link that replays current quiz
Next Quiz
Link to next quiz in quiz playlist
You Got
0%
They Got
Avg Score
86%
Avg Friend Score
Upgrade to see
Score Distribution
Jump to the score distribution portion of the page
Score
0/200
Timer
10:00
0
Plays Today
Event
Wrestler
% Correct
Raw (29th January 2007)
John Cena
98.4%
Raw (12th Febuary 2007)
John Cena
98.4%
Raw (26th Febuary 2007)
John Cena
98.4%
Raw (16th April 2007)
John Cena
98.4%
Backlash (29th April 2007)
John Cena
98.4%
Raw (11th June 2007)
John Cena
98.4%
Raw (21st April 2008)
John Cena
98.4%
Raw (23rd June 2008)
John Cena
98.4%
Raw (8th December 2008)
John Cena
98.4%
No Way Out (15th Febuary 2009)
John Cena
98.4%
Raw (2nd March 2009)
John Cena
98.4%
Raw (16th March 2009)
John Cena
98.4%
Wrestlemania 25 (5th April 2009)
John Cena
98.4%
Raw (6th April 2009)
John Cena
98.4%
Backlash (26th April 2009)
John Cena
98.4%
Raw (24th May 2010)
John Cena
98.4%
Raw (31st May 2010)
John Cena
98.4%
Raw (14th June 2010)
John Cena
98.4%
Fatal Four Way (20th June 2010)
John Cena
98.4%
Raw (5th Febuary 2007)
Randy Orton
98.3%
ECW on Sci-
Fi (27th March 2007)
Randy Orton
98.3%
Wrestlemania 23 (1st April 2007)
Randy Orton
98.3%
Backlash (29th April 2007)
Randy Orton
98.3%
Raw (30th April 2007)
Randy Orton
98.3%
Raw (10th May 2010)
Randy Orton
98.3%
Over the Limit (23rd May 2010)
Randy Orton
98.3%
Raw (7th June 2010)
Randy Orton
98.3%
Raw (14th June 2010)
Randy Orton
98.3%
Fatal Four Way (20th June 2010)
Randy Orton
98.3%
Raw (28th June 2010)
Randy Orton
98.3%
Raw (5th July 2010)
Randy Orton
98.3%
Raw (12th July 2010)
Randy Orton
98.3%
Money In The Bank (18th July 2010)
Randy Orton
98.3%
Raw (19th July 2010)
Randy Orton
98.3%
Raw (12th Febuary 2007)
The Undertaker
97.7%
Raw (16th Febuary 2007)
The Undertaker
97.7%
Smackdown (11th May 2007)
The Undertaker
97.7%
Armageddon (16th December 2007)
The Undertaker
97.7%
Smackdown (7th March 2008)
The Undertaker
97.7%
Wrestlemania 24 (30th March 2008)
The Undertaker
97.7%
Raw (21st April 2008)
The Undertaker
97.7%
Backlash (27th April 2008)
The Undertaker
97.7%
Smackdown (16th May 2008)
The Undertaker
97.7%
Judgment Day (18th May 2008)
The Undertaker
97.7%
One Night Stand (1st June 2008)
The Undertaker
97.7%
Summerslam (17th August 2008)
The Undertaker
97.7%
Smackdown (6th Febuary 2009)
The Undertaker
97.7%
No Way Out (15th Febuary 2009)
The Undertaker
97.7%
Raw (17th May 2010)
The Undertaker
97.7%
Raw (10th December 2007)
Triple H
95.5%
Raw (21st April 2008)
Triple H
95.5%
The Great American Bash (20th July 2008)
Triple H
95.5%
Survivor Series (23rd November 2008)
Triple H
95.5%
Armageddon (14th December 2008)
Triple H
95.5%
Smackdown (6th Febuary 2009)
Triple H
95.5%
No Way Out (15th Febuary 2009)
Triple H
95.5%
Smackdown (7th December 2007)
Kane
95.3%
Raw (21st April 2008)
Kane
95.3%
No Way Out (15th Febuary 2009)
Kane
95.3%
Raw (12th Febuary 2007)
Batista
94.2%
Raw (16th Febuary 2007)
Batista
94.2%
Judgment Day (20th May 2007)
Batista
94.2%
Saturday Night's Main Event (2nd June 2007)
Batista
94.2%
One Night Stand (3rd June 2007)
Batista
94.2%
Smackdown (22nd June 2007)
Batista
94.2%
Vengeance (24th June 2007)
Batista
94.2%
Smackdown (29th June 2007)
Batista
94.2%
Event
Wrestler
% Correct
Smackdown (30th November 2007)
Batista
94.2%
Raw (10th December 2007)
Batista
94.2%
Armageddon (16th December 2007)
Batista
94.2%
Smackdown (21st December 2007)
Batista
94.2%
Smackdown (6th June 2008)
Batista
94.2%
Night of Champions (29th June 2008)
Batista
94.2%
Smackdown (19th Febuary 2010)
Batista
94.2%
Wrestlemania 23 (1st April 2007)
Jeff Hardy
93.9%
Saturday Night's Main Event (2nd August 2008)
Jeff Hardy
93.9%
Armageddon (14th December 2008)
Jeff Hardy
93.9%
Smackdown (2nd January 2009)
Jeff Hardy
93.9%
Royal Rumble (25th January 2009)
Jeff Hardy
93.9%
No Way Out (15th Febuary 2009)
Jeff Hardy
93.9%
Smackdown (20th Febuary 2009)
Jeff Hardy
93.9%
Raw (6th April 2009)
Jeff Hardy
93.9%
Judgment Day (17th May 2009)
Jeff Hardy
93.9%
Smackdown (22nd May 2009)
Jeff Hardy
93.9%
Smackdown (29th May 2009)
Jeff Hardy
93.9%
Extreme Rules (7th June 2009)
Jeff Hardy
93.9%
Smackdown (12th June 2009)
Jeff Hardy
93.9%
Raw (15th June 2009)
Jeff Hardy
93.9%
Raw (22nd June 2009)
Jeff Hardy
93.9%
Smackdown (26th June 2009)
Jeff Hardy
93.9%
Smackdown (3rd July 2009)
Jeff Hardy
93.9%
Wrestlemania 23 (1st April 2007)
Matt Hardy
93.7%
Smackdown (27th June 2008)
Matt Hardy
93.7%
Smackdown (19th December 2008)
Matt Hardy
93.7%
Smackdown (2nd January 2009)
Matt Hardy
93.7%
Smackdown (23rd January 2009)
Matt Hardy
93.7%
Raw (15th January 2007)
Shawn Michaels
93.2%
Raw (22nd January 2007)
Shawn Michaels
93.2%
Royal Rumble (28th January 2007)
Shawn Michaels
93.2%
Raw (29th January 2007)
Shawn Michaels
93.2%
Raw (5th Febuary 2007)
Shawn Michaels
93.2%
Raw (12th Febuary 2007)
Shawn Michaels
93.2%
Raw (26th Febuary 2007)
Shawn Michaels
93.2%
Backlash (29th April 2007)
Shawn Michaels
93.2%
Raw (14th May 2007)
Shawn Michaels
93.2%
Smackdown (14th March 2008)
Shawn Michaels
93.2%
Smackdown (11th July 2008)
The Big Show
92.8%
No Way Out (15th Febuary 2009)
The Big Show
92.8%
No Way Out (15th Febuary 2009)
Chris Jericho
92.8%
Raw (23rd March 2009)
The Big Show
92.8%
Wrestlemania 25 (5th April 2009)
The Big Show
92.8%
Smackdown (15th May 2009)
Chris Jericho
92.8%
Smackdown (5th March 2010)
The Big Show
92.8%
Wrestlemania 26 (28th March 2010)
Chris Jericho
92.8%
Smackdown (9th April 2010)
Chris Jericho
92.8%
Smackdown (16th April 2010)
Chris Jericho
92.8%
Raw (19th April 2010)
Chris Jericho
92.8%
Extreme Rules (25th April 2010)
Chris Jericho
92.8%
Raw (24th May 2010)
Chris Jericho
92.8%
Money In The Bank (18th July 2010)
Chris Jericho
92.8%
Raw (19th July 2010)
Chris Jericho
92.8%
Wrestlemania 23 (1st April 2007)
CM Punk
92.3%
Smackdown (18th January 2008)
CM Punk
92.3%
Smackdown (25th January 2008)
CM Punk
92.3%
Smackdown (1st Febuary 2008)
CM Punk
92.3%
Raw (10th March 2008)
CM Punk
92.3%
Smackdown (25th April 2008)
CM Punk
92.3%
Raw (30th June 2008)
CM Punk
92.3%
Raw (6th April 2009)
CM Punk
92.3%
Smackdown (1st May 2009)
CM Punk
92.3%
Smackdown (8th May 2009)
CM Punk
92.3%
Raw (15th June 2009)
CM Punk
92.3%
Superstars (2nd July 2009)
CM Punk
92.3%
Smackdown (3rd July 2009)
CM Punk
92.3%
Event
Wrestler
% Correct
Raw (19th April 2010)
CM Punk
92.3%
Smackdown (4th January 2008)
Rey Mysterio
91.4%
Smackdown (18th January 2008)
Rey Mysterio
91.4%
Royal Rumble (27th January 2008)
Rey Mysterio
91.4%
Smackdown (1st Febuary 2008)
Rey Mysterio
91.4%
No Way Out (17th Febuary 2008)
Rey Mysterio
91.4%
No Way Out (15th Febuary 2009)
Rey Mysterio
91.4%
Raw (6th April 2009)
Rey Mysterio
91.4%
Smackdown (29th May 2009)
Rey Mysterio
91.4%
Smackdown (5th June 2009)
Rey Mysterio
91.4%
Raw (22nd June 2009)
Rey Mysterio
91.4%
Smackdown (26th June 2009)
Rey Mysterio
91.4%
Smackdown (26th Febuary 2010)
The Miz
86.4%
Money In The Bank (18th July 2010)
The Miz
86.4%
Smackdown (19th June 2009)
John Morrison
83%
Raw (28th June 2010)
John Morrison
83%
Money In The Bank (18th July 2010)
John Morrison
83%
Raw (6th July 2009)
Carlito
78.1%
The Bash (28th June 2009)
Carlito
77.8%
Raw (29th June 2009)
Carlito
77.8%
Money In The Bank (18th July 2010)
Mark Henry
77.6%
Fatal Four Way (20th June 2010)
Sheamus
77.1%
ECW on Sci-
Fi (27th March 2007)
Mr Kennedy
76.7%
Wrestlemania 23 (1st April 2007)
Mr Kennedy
76.7%
Raw (7th May 2007)
Mr Kennedy
76.7%
ECW on Sci-
Fi (27th March 2007)
Finlay
75.7%
Wrestlemania 23 (1st April 2007)
Finlay
75.7%
The Bash (28th June 2009)
Cody Rhodes
75.7%
The Bash (28th June 2009)
Ted Dibiase
75.5%
Money In The Bank (18th July 2010)
Ted Dibiase
75.5%
Smackdown (15th June 2007)
Ric Flair
74%
Smackdown (22nd June 2007)
Ric Flair
74%
Raw (10th December 2007)
Ric Flair
74%
Smackdown (14th March 2008)
Ric Flair
74%
Smackdown (16th April 2010)
Jack Swagger
72.4%
Smackdown (13th March 2009)
Kofi Kingston
71.5%
Superstars (23rd April 2009)
Kofi Kingston
71.5%
Raw (17th May 2010)
Christian
70.1%
The Bash (28th June 2009)
Primo
69.9%
Raw (29th June 2009)
Primo
69.9%
Raw (6th July 2009)
Primo
69.9%
Raw (22nd June 2009)
The Great Khali
69.6%
ECW on Sci-
Fi (27th March 2007)
King Booker
68.5%
Wrestlemania 23 (1st April 2007)
King Booker
68.5%
Survivor Series (23rd November 2008)
Vladimir Kozlov
68.4%
No Way Out (15th Febuary 2009)
Vladimir Kozlov
68.4%
Raw (31st May 2010)
Evan Bourne
65%
Raw (28th June 2010)
Evan Bourne
65%
Raw (5th July 2010)
Evan Bourne
65%
Money In The Bank (18th July 2010)
Evan Bourne
65%
Raw (19th Febuary 2007)
Rob Van Dam
63.8%
Raw (26th July 2010)
The Great Khali
62.2%
No Way Out (15th Febuary 2009)
Mike Knox
57.5%
Saturday Night's Main Event (2nd June 2007)
Chris Benoit
54.9%
Smackdown (8th June 2007)
Chris Benoit
54.9%
Raw (28th June 2010)
R-Truth
53.3%
Raw (19th March 2007)
Winner
52.3%
Royal Rumble (31st January 2010)
Winner
52.3%
Raw (19th April 2010)
Luke Gallows
37.6%
Smackdown (14th December 2007)
Funaki
32.5%
Smackdown (21st March 2008)
Funaki
32.5%
Smackdown (6th June 2008)
Funaki
32.5%
Smackdown (5th December 2008)
Kung Funaki
32.5%
Raw (6th April 2009)
Ricky 'The Dragon' Steamboat
26.2%
Smackdown (6th June 2008)
Nunzio
23.1%
Smackdown (6th June 2008)
Colin Delaney
21.7%
Quiz Playlist
Details
Report
Send in Message
Add To Playlist
Classic:
Type in answers that appear in a list
Last Updated: Feb 16, 2017
Quiz Scoreboard
CHALLENGE
Sign Up to Join the Scoreboard
Show All
Scores
Hide
Comments
May contain spoilers
Recently Published
9x9 Crossword: Cartoon Network
by jackfrog10
Miscellaneous
3m
College Basketball Coaching Resumes
by pancakes188
Sports
9m
Billboard Blitz: Fleetwood Mac
by CooCooCachoo
Music
15s
More to Explore
Quiz From the Vault
Featured Blog Post
Where Did the Easter Bunny Come From?
hide this ad
You Might Also Like...
Tags
WWE Quiz
Edge
Event
Matching
opponent
PPV
Wrestlers
WWF
Today's Top Quizzes in Sports
Browse Sports
hide this ad
Today's Top Quizzes in WWE
Browse WWE
Top Contributed Quizzes in Sports
1
2022 World Cup Stars
2
Les meilleurs buteurs des matchs entre le PSG et l’OM
3
FIFA Club World Cup Champions
4
Les entraîneurs de l'OM et du PSG au 21e siècle
5
Criteria MLB: Left Handed Sluggers
6
AFC Teams Reveal (Wrong Answers Minefield)
7
2023 MLB Unique Player Accomplishments
8
5-to-1: FBS Animal Nicknames
9
Players with Multiple 50 Home Run Seasons
10
5-to-1: UK Sports Teams
Explore More
Trending Topics
Kpop
Disney
Harry Potter
Anime
Marvel
NBA
Crossword
Soccer
The Office
Country
NFL
WWE
Song
Puzzle
Pokémon
hide this ad
More By:
CosmoBrown
Quiz
Plays
Rating
Category
Featured
Created
Every WWE Royal Rumble Entrant Ever! (1988-2015)
94,450
3.67
Sports
May 17, 2011
Wrestlemania & Starrcade Wrestlers
50,913
4.40
Sports
Feb 23, 2011
Wrestlers to have beaten HHH in the WWE
12,430
3.68
Sports
Aug 17, 2011
Wrestlers to have beaten Steve Austin in the WWE
9,247
4.12
Sports
Aug 28, 2011
Wrestlers to have wrestled on both WWE and TNA PPVs
6,707
3.23
Sports
May 7, 2011
Go to Creator's Profile
Score Distribution
Quiz Creator Spotlight
CosmoBrown
Follow
Send a Message
Quizzes Created
-
Created Quiz Play Count
-
More By This Creator
Popular Quizzes Today
1
Find the US States - No Outlines Minefield
2
Find the Countries of Europe - No Outlines Minefield
3
The Countries of the World
4
Find the US States
5
Risky Map Clicking: Biggest States A-Z
6
US States
7
Popular People in 1961
8
Movies - When Are They Set?
More Sports Quizzes
Bracket Click: FIFA World Cup (2006)
Quiz Lab
Trending Quizzes
Risky Map Clicking: Least Populous States A-Z
1-10 Letter G Words
1-10 Letter F Words
Risky Map Clicking: Next State Alphabetically
Adjectives in 80s TV Shows
Recently Updated
Leaping Animals
pecheneg
Reality TV Shows (A-Z)
bhenderson79
Rickey Henderson's Hall of Fame Teammates
pecheneg
Champions League XIs: Arsenal
pecheneg
Quick Pick: Celebrities in WWE's Hall of Fame
aduchscher
A-Z Keypad Blitz II
pecheneg
Multiple Oscar Actors
pecheneg
Mystery Phrase Blitz: Oscar 'Best Actors'
pecheneg
F. Scott Fitzgerald Novels
LTH
Pick 3 Villains
ddd62291
Trending Topics
Anime
Disney
Kpop
NBA
Harry Potter
Marvel
Crossword
Pokémon
Puzzle
NFL
Soccer
WWE
Country
Song
The Office
Your Account Isn't Verified!
In order to create a playlist on Sporcle, you need to verify the email address you used during registration. Go to your
Sporcle Settings
to finish the process.
Report this User
Report this user for behavior that violates our
Community Guidelines
.
Details:
Send Report
Go to the Sporcle.com Mobile Site →
Comments